Revolúcia nehrozí kandidát Smeru na generálneho prokurátora má dobrú povesť, ale nový vietor zrejme neprinesie

Bibliographic Details
Main Author: Mihočková, Eva (Author)
Format: Article
Language:Slovak
PhysicalDescription:Fotogr.
ISSN:1210-4040
Subjects:

MARC

LEADER 00000nab a2200000 a 4500
001 vtls010497003
003 SK-MaSNL
005 20260304013108.0
008 130313c2013 xo wrzp 0 0slo
015 |a SNBRB2013/03  |2 rvgkpd 
038 |a RVGKPD 
040 |a RVGKPD  |b slo  |c RVGKPD  |e AACR2 
041 0 |a slo 
044 |a xo  |c SK 
080 |a 347.963  |x (437.6)  |2 1997 
100 1 |a Mihočková, Eva  |4 aut  |9 1035619 
245 1 0 |a Revolúcia nehrozí  |b kandidát Smeru na generálneho prokurátora má dobrú povesť, ale nový vietor zrejme neprinesie  |c Eva Mihočková 
300 |b Fotogr. 
610 1 7 |a Slovensko.  |b Generálna prokuratúra  |2 rvgkpd  |9 32899 
650 0 7 |a generálni prokurátori  |2 rvgkpd  |9 1224066 
773 0 |t Plus 7 dní  |g Roč. XXIII, č. 4 (2013), s. 32-33  |x 1210-4040 
852 |a RVGKPD  |b KIS3G 
958 |a SK 
992 |a RBX 
999 |c 2574475  |d 2576405